| 000 | 01645nam a2200349 a 4500 | ||
|---|---|---|---|
| 001 | 0000230 | ||
| 003 | DO-SdBNP | ||
| 005 | 20160413111702.0 | ||
| 007 | 0000230 | ||
| 008 | 150130s2013 dr ac 000 0 spa d | ||
| 020 | _a9789945174823 | ||
| 040 |
_aBPMSU _bspa _cBPMSU |
||
| 092 |
_a373.7 _bM425a 2do, 2013 |
||
| 245 | 0 | 0 |
_aMatemática 2 : _beducación media / _cgerencia editorial Anna Rogero Soler ; colaboradores Kreemly Pérez ... [et. al.]; ilustraciones Joaquín Turina. |
| 260 |
_aSanto Domingo : _bSM, _c2013. |
||
| 300 |
_a311 p. : _bil., retrs, _c29 cm. + _eCD-ROM : |
||
| 490 | 1 | _aProyecto Sé | |
| 500 | _aIncluye CD-ROM | ||
| 504 | _aBibliografía: p. 311 | ||
| 505 | 1 |
_tUnidad 1 -- _tFunciones lineales y sistemas de ecuaciones lineales -- _tUnidad 2 -- _tFunciones. Ecuaciones e inecuaciones cuadráticas -- _tUnidad 3 -- _tMétodos de demostración -- _tUnidad 4 -- _tÁngulos, rectas paralelas y triángulos -- _tUnidad 5 -- _tTransformaciones geométricas. Congruencia de figuras planas -- _tUnidad 6 -- _tSemejanza de figuras planas. Sistemas algebraicos -- _tUnidad 7 -- _tRazones trigonométricas. Área y volumen -- _tUnidad 8 -- _tEstadística -- _tGlosario -- _tBibliografía -- |
|
| 650 |
_aMATEMÁTICAS _xENSEÑANZA SECUNDARIA |
||
| 650 |
_aEDUCACIÓN SECUNDARIA _zREPÚBLICA DOMINICANA |
||
| 650 |
_aMATEMÁTICAS _xESTUDIOS Y EJERCICIOS |
||
| 650 |
_aMATEMÁTICAS _xLIBROS DE TEXTOS |
||
| 700 | 1 |
_aRogero Soler, Anna _eed. |
|
| 700 | 1 |
_aTurina, Joaquin _eil. |
|
| 700 | 1 | _aPérez, Kreemly. | |
| 830 | 0 | _aProyecto Sé | |
| 910 | _aValidado. Control de calidad MFF | ||
| 942 |
_2ddc _cBK |
||
| 956 |
_aYLOCKWARD _b10 |
||
| 999 |
_c9494 _d9494 |
||